000 00458nam a2200181Ia 4500
001 23642
005 20260414150951.0
008 260414t2015||||xx |||||||||||||| ||spa||
041 _aESP
082 _a681.2
_bC78
100 _aCorona Ramírez, Leonel Germán
_eAUT
245 0 _aSensores y actuadores :
_baplicaciones con Arduino
260 _c2015
300 _a304 páginas :
_c27 cm.
650 _aTCA
654 _aCII
942 _cLIB
_dJUS
_fJUS
_2ddc
_n
999 _c23642
_d23642